| 000 | 00631nam a2200217Ia 4500 | ||
|---|---|---|---|
| 001 | 7250 | ||
| 003 | GE_BSU | ||
| 008 | 181216s||||||||xx |||||||||||||| ||und|| | ||
| 040 | _cGE_BSU | ||
| 080 | _a629.33(035.5) | ||
| 100 | _aБюссеин,Р. | ||
| 245 | _aАвтомобильный справочник. Том 1. | ||
| 245 | _cПод общ. ред. А.Н.Островцева, А.А.Липгарта. | ||
| 250 | _aПеревод с немецкого. | ||
| 260 | _aМ. | ||
| 260 | _bКрасный печатник. | ||
| 260 | _c1960. | ||
| 300 | _a699стр. 26см. илл. | ||
| 300 | _eтабл. | ||
| 942 | _cBK | ||
| 999 |
_c40623 _d40623 |
||